Ruská krize
Priebeh hospodárskej krízy v Rusku. Finančné problémy bankového sektora. Významná úloha finančných priemyselných skupín, ktoré vznikli v procese privatizácie. Nedostatočná legislatíva pre podnikateľskú sféru. Náhrada trhového hospodárstva za barterový trh.
Na minha lista:
| Autor principal: | |
|---|---|
| Formato: | Capítulo de Livro |
| Idioma: | tcheco |
| Assuntos: | |
| Tags: |
Sem tags, seja o primeiro a adicionar uma tag!
|
MARC
| LEADER | 00000naa a2200000 4500 | ||
|---|---|---|---|
| 001 | r034436 | ||
| 005 | 20230927120216.6 | ||
| 041 | 0 | |a cze | |
| 044 | |a CZ | ||
| 245 | 1 | 0 | |a Ruská krize |c Vladimír Votápek |
| 520 | |a Priebeh hospodárskej krízy v Rusku. Finančné problémy bankového sektora. Významná úloha finančných priemyselných skupín, ktoré vznikli v procese privatizácie. Nedostatočná legislatíva pre podnikateľskú sféru. Náhrada trhového hospodárstva za barterový trh. | ||
| 610 | 2 | 0 | |a kríza |
| 610 | 2 | 0 | |a Rusko |
| 610 | 2 | 0 | |a zmeny štruktúrne |
| 610 | 2 | 0 | |a situácia hospodárska |
| 610 | 2 | 0 | |a politika |
| 610 | 2 | 0 | |a stabilizácia hospodárstva |
| 610 | 2 | 0 | |a bankovníctvo |
| 610 | 2 | 0 | |a podnikanie |
| 610 | 2 | 0 | |a problémy spoločenské |
| 100 | 1 | |a Votápek, Vladimír | |